000 00284nam a22001097a 4500
008 151009b xxu||||| |||| 00| 0 eng d
020 _a0879011688.
082 _a301 SOC
100 _aROBERTSON IAN (ed)
245 _aTHE SOCIAL WORLD
260 _aNEW YORK:
_bWORTH PUBLISHERS, INC.,
_c1981.
999 _c3421
_d3421